[Event "Ch Israel (team)"]
[Site "Israel"]
[Date "2008.04.05"]
[Round "7"]
[White "Lev Ronen (ISR)"]
[Black "Bykhovsky Anatoly (ISR)"]
[Result "0-1"]
[WhiteElo "2415"]
[BlackElo "2447"]

1.Nf3 Nf6 2.g3 g6 3.Bg2 Bg7 4.O-O O-O 5.c4 c6 6.d4 d5 7.cxd5 cxd5 8.Nc3 Ne4
9.Nxe4 dxe4 10.Ne5 Qd5 11.Be3 f6 12.Nd3 f5 13.Nf4 Qf7 14.f3 exf3 15.Bxf3 Rd8
16.Rc1 Nc6 17.d5 Ne5 18.Bg2 Ng4 19.Bc5 e5 20.dxe6 Bxe6 21.Nxe6 Rxd1 22.Rfxd1
Nf6 23.Rd6 Rc8 24.Rcd1 Rxc5 25.Rd8+ Bf8 26.Nxc5 Kg7 27.Nxb7 Qxa2 28.R8d2 Bb4
29.Rd4 Qxb2 30.Rc4 Bd2 31.Rc7+ Kh6 32.Rf1 Qb6+ {#R} 0-1

[Event "Memorial Marko Jaric"]
[Site "Stari Mikanovci (Croatia)"]
[Date "2008.04.17"]
[Round "6"]
[White "Hulak Krunoslav (CRO)"]
[Black "Kozul Zdenko (CRO)"]
[Result "0-1"]
[WhiteElo "2546"]
[BlackElo "2593"]

1.d4 Nf6 2.c4 g6 3.g3 c6 4.Bg2 d5 5.cxd5 cxd5 6.Nf3 Bg7 7.O-O O-O 8.Ne5 e6
9.Nc3 Nfd7 10.f4 Nc6 11.Be3 Nb6 12.Bf2 Bd7 13.e4 Ne7 14.Nxd7 Qxd7 15.e5 Rfc8
16.Rc1 Rc7 17.g4 Rac8 18.Qe2 Na4 19.Qd2 Nxc3 20.bxc3 Nc6 21.Be1 Na5 22.Rf3 Nc4
23.Qf2 Qa4 24.f5 Na3 25.Bd2 Nb5 26.Rd3 Qxa2 27.Bf1 Qb2 28.Rh3 h6 29.f6 Bf8
30.Qh4 Qxd2 31.Qf2 Qb2 {#R} 0-1

[Event "It (open) \"]
[Site "Berlin (Germany)"]
[Date "2008.05.01"]
[Round "3"]
[White "Hertwig Christopher (GER)"]
[Black "Dvorsky Rudolf (GER)"]
[Result "1-0"]
[WhiteElo "2042"]
[BlackElo "1791"]

1.Nf3 c5 2.g3 d5 3.Bg2 Nf6 4.O-O g6 5.c3 Bg7 6.d4 cxd4 7.cxd4 Nc6 8.Nc3 O-O
9.Ne5 Ne4 10.Nxc6 Nxc3 11.Nxe7+ Qxe7 12.bxc3 Be6 13.Qb3 Rfc8 14.Bd2 Rc4
15.Rfb1 b6 16.Qxc4 dxc4 17.Bxa8 Bh3 18.Bf3 h5 19.a4 h4 20.a5 g5 21.axb6 axb6
22.Rb5 g4 23.Ra8+ Kh7 24.Rh5+ Kg6 25.Rg5+ Kh7 26.Bxg4 Bxg4 27.Rxg4 Qxe2
28.Rxh4+ Kg6 29.Be3 Qe1+ 30.Kg2 Qxc3 31.Rg8 f5 32.Bh6 Kf7 33.Rxg7+ {#r} 1-0

[Event "It (open)"]
[Site "Karlovy Vary (Czech Republic)"]
[Date "2008.05.04"]
[Round "7"]
[White "Hruby Vaclav (CZE)"]
[Black "Ciprian Jiri (CZE)"]
[Result "0-1"]
[WhiteElo "1829"]
[BlackElo "2024"]

1.Nf3 Nf6 2.g3 g6 3.Bg2 Bg7 4.O-O O-O 5.c4 c6 6.d4 d5 7.cxd5 cxd5 8.Nc3 Nc6
9.e3 b6 10.Ne5 Bb7 11.Nxc6 Bxc6 12.b3 Rc8 13.Bb2 Qd7 14.Rc1 Rfd8 15.Re1 Qb7
16.Bf1 a6 17.Ba3 Ne4 18.Nxe4 dxe4 19.Bb2 e5 20.d5 Rxd5 21.Qc2 Rdd8 22.Qb1 b5
23.Rc2 f6 24.Rd1 Bf8 25.Bh3 Rxd1+ 26.Qxd1 Rc7 27.Qd8 Kg7 28.Rd2 Be7 {#R} 0-1

[Event "It (open)"]
[Site "Porto Mannu (Italy)"]
[Date "2008.05.19"]
[Round "3"]
[White "Nardone Massimo (ITA)"]
[Black "Vita Fabrizio (ITA)"]
[Result "0-1"]
[WhiteElo "1920"]
[BlackElo "2095"]

1.c4 Nf6 2.Nf3 g6 3.g3 Bg7 4.Bg2 c6 5.Nc3 d5 6.cxd5 cxd5 7.d4 O-O 8.O-O Ne4
9.Nxe4 dxe4 10.Ne5 Bf5 11.b3 Nd7 12.Bb2 Nxe5 13.dxe5 Qa5 14.Qe1 Qb5 15.f4 exf3
16.exf3 Rac8 17.Rf2 Rc5 18.f4 Rfc8 19.Rc1 b6 20.Rd2 Rxc1 {#R} 0-1

[Event "It (open) \"]
[Site "Bratislava (Slovakia)"]
[Date "2008.07.03"]
[Round "7"]
[White "Tomanek Rafael (SVK)"]
[Black "Horvath Marek (SVK)"]
[Result "1-0"]
[WhiteElo "1979"]
[BlackElo "1839"]

1.d4 Nf6 2.Nf3 g6 3.g3 d5 4.Bg2 Bg7 5.c4 c6 6.cxd5 cxd5 7.O-O Nc6 8.Nc3 O-O
9.Bf4 a6 10.Ne5 Qb6 11.Na4 Qxd4 12.Nxc6 Qc4 13.Nxe7+ Kh8 14.Nxc8 {#r} 1-0

[Event "It (open)"]
[Site "Ourense (Spain)"]
[Date "2008.07.03"]
[Round "1"]
[White "Lopez Rodriguez Walter (ESP)"]
[Black "Rodriguez Lucena Angel (ESP)"]
[Result "1-0"]
[WhiteElo "2217"]
[BlackElo "1665"]

1.Nf3 Nf6 2.g3 g6 3.Bg2 Bg7 4.d4 d5 5.c4 c6 6.cxd5 cxd5 7.Nc3 O-O 8.O-O Nbd7
9.Bf4 a6 10.Rc1 Re8 11.Na4 Qa5 12.Bc7 Qb5 13.Nc3 Qc6 14.Na4 Qe6 15.Ng5 Qf5
16.f4 h5 17.Qb3 e6 18.Nc5 Nxc5 19.dxc5 Ne4 20.Nxe4 dxe4 21.Rc4 Qd5 22.Bxe4 Qd2
23.Rd1 Qxe2 24.Bf3 Qxb2 25.Qxb2 Bxb2 26.c6 b5 27.Rc2 Bf6 28.Ba5 e5 29.fxe5
Bxe5 30.c7 Bf5 31.Bxa8 Bxc2 32.Rd8 {#r} 1-0

[Event "It (open)"]
[Site "Ourense (Spain)"]
[Date "2008.07.08"]
[Round "6"]
[White "Garcia Castro Pablo (ESP)"]
[Black "Stanoev Atanas (BUL)"]
[Result "1-0"]
[WhiteElo "2388"]
[BlackElo "2259"]

1.Nf3 c5 2.g3 g6 3.Bg2 Bg7 4.c3 Nc6 5.O-O Nf6 6.d3 O-O 7.a3 Rb8 8.b4 cxb4
9.axb4 a6 10.e4 d6 11.h3 Bd7 12.Be3 Rc8 13.Ra3 Qc7 14.Nh4 e5 15.Nd2 Ne7 16.Nc4
Be6 17.Nb6 Rcd8 18.Na4 Nd7 19.c4 Nc6 20.Qd2 f5 21.Nf3 Kh8 22.b5 axb5 23.cxb5
Nd4 24.Nxd4 exd4 25.Bg5 Ra8 26.exf5 Bxf5 27.g4 Be6 28.Rc1 Qb8 29.Qb4 Re8
30.Nb2 Rxa3 31.Qxa3 Nc5 32.Bf4 Rd8 33.Rxc5 {#r} 1-0

[Event "Ch Portugal (team)"]
[Site "Evora (Portugal)"]
[Date "2008.07.30"]
[Round "5"]
[White "Vassallo Mauricio (ESP)"]
[Black "Barata Pedro (POR)"]
[Result "1-0"]
[WhiteElo "2418"]
[BlackElo "2157"]

1.Nf3 Nf6 2.g3 g6 3.Bg2 Bg7 4.d4 d5 5.c4 c6 6.O-O O-O 7.cxd5 cxd5 8.Ne5 Qb6
9.Nc3 Nc6 10.Na4 Qa6 11.Nxc6 Qxc6 12.Bf4 Bf5 13.Rc1 Qe8 14.Qb3 Ne4 15.Rfd1 Rc8
16.Nc3 Rc4 17.Nxd5 Rxd4 18.Qxb7 Rxd1+ 19.Rxd1 e5 20.Be3 Nf6 21.Bc5 {#r} 1-0

[Event "Ch Portugal (team)"]
[Site "Evora (Portugal)"]
[Date "2008.08.01"]
[Round "7"]
[White "Granda Zuniga Julio E (PER)"]
[Black "Barrero Garcia Carlos (ESP)"]
[Result "0-1"]
[WhiteElo "2628"]
[BlackElo "2388"]

1.Nf3 Nf6 2.c4 g6 3.g3 Bg7 4.Bg2 O-O 5.O-O d5 6.d4 c6 7.cxd5 cxd5 8.Nc3 Ne4
9.Nxe4 dxe4 10.Ne5 Nd7 11.Nxd7 Bxd7 12.d5 Bf5 13.Be3 Qd7 14.Qb3 Rfc8 15.Rad1
b5 16.Bd4 Rc4 17.Bxg7 Kxg7 18.Qe3 Qd6 19.b3 Rc2 20.g4 Bxg4 21.Qxe4 Bf5 22.Qd4+
f6 23.e4 Bd7 24.Rd2 e5 25.Qd3 Rc5 26.Qe3 b4 27.f4 Bb5 28.fxe5 fxe5 29.Rff2
Rc1+ 30.Bf1 Rf8 31.Rde2 Rc3 32.Qxa7+ Rc7 33.Qe3 Bxe2 {#R} 0-1

[Event "Ch Chess Club (open)"]
[Site "Omsk (Russia)"]
[Date "2008.08.11"]
[Round "6"]
[White "Ledovskih Viktor (RUS)"]
[Black "Chagasov Oleg (RUS)"]
[Result "1-0"]
[WhiteElo "1612"]
[BlackElo "1949"]

1.d4 d5 2.c4 c6 3.Nc3 Nf6 4.cxd5 cxd5 5.Nf3 Nc6 6.g3 g6 7.Bg2 Bg7 8.e3 O-O
9.O-O Bf5 10.Qb3 Qb6 11.Qxb6 axb6 12.Ne5 Rfd8 13.Nxc6 bxc6 14.b3 c5 15.dxc5
Ne4 16.Bxe4 Bxc3 17.Bxf5 Bxa1 18.Bb1 bxc5 19.Rd1 c4 20.Kf1 c3 21.Bc2 Bb2
22.Ke2 e5 23.f3 Kf8 24.b4 {#r} 1-0

[Event "It (open)"]
[Site "Ceska Trebova (Czech Republic)"]
[Date "2008.08.14"]
[Round "8"]
[White "Grandelius Nils (SWE)"]
[Black "Smith Axel (SWE)"]
[Result "1-0"]
[WhiteElo "2464"]
[BlackElo "2391"]

1.Nf3 Nf6 2.g3 g6 3.Bg2 Bg7 4.O-O O-O 5.c4 c6 6.d4 d5 7.cxd5 cxd5 8.Nc3 Ne4
9.e3 f5 10.Ne5 Nc6 11.Nxc6 bxc6 12.Qc2 Bd7 13.b3 Nxc3 14.Qxc3 Re8 15.Bb2 Qb6
16.Rac1 a5 17.Qd2 a4 18.b4 a3 19.Ba1 Reb8 20.Rb1 e6 21.Rb3 Bf8 22.Rfb1 Ra4
23.Qc2 Bd6 24.Bf1 Qa7 25.Bc3 Rb6 26.Kg2 Qb8 27.Qc1 Qa8 28.Bd2 Kf7 29.b5 cxb5
30.Bxb5 Bxb5 31.Rxb5 Rxb5 32.Rxb5 Ra7 33.Rb6 Ra6 34.Rxd6 {#r} 1-0

[Event "It (open)"]
[Site "Ortigueira (Spain)"]
[Date "2008.08.14"]
[Round "5"]
[White "Corral Sierra Javier (ESP)"]
[Black "Campelo Bermudez Javier (ESP)"]
[Result "1-0"]
[WhiteElo "2116"]
[BlackElo "1864"]

1.Nf3 Nf6 2.c4 c6 3.g3 g6 4.Bg2 Bg7 5.O-O O-O 6.d4 d5 7.Nc3 Bf5 8.cxd5 cxd5
9.Ne5 Nc6 10.Nxc6 bxc6 11.Bf4 Nh5 12.Be3 Nf6 13.Rc1 Nd7 14.Na4 Rc8 15.b3 f6
16.Qd2 Nb6 17.Qa5 Nxa4 18.Qxa4 Qb6 19.Rc5 Bd7 20.Bxd5+ e6 21.Bf3 Rf7 22.Rfc1
Bf8 23.R5c4 Qb8 24.Bxc6 Bxc6 25.Rxc6 Rxc6 26.Qxc6 e5 27.d5 f5 28.Qe6 Qb5
29.Rc7 {#r} 1-0

[Event "It (open)"]
[Site "Sao Paulo (Brazil)"]
[Date "2008.08.23"]
[Round "1"]
[White "Perdomo Leandro (ARG)"]
[Black "Gazola V"]
[Result "1-0"]
[WhiteElo "2393"]
[BlackElo "2011"]

1.d4 Nf6 2.c4 g6 3.g3 Bg7 4.Bg2 d5 5.Nf3 c6 6.cxd5 cxd5 7.O-O O-O 8.Nc3 Nc6
9.Ne5 Nd7 10.f4 e6 11.Be3 f6 12.Nd3 Nb6 13.Bf2 Nc4 14.Rc1 Nd6 15.Qa4 f5 16.Ne5
Bd7 17.Qb3 Rc8 18.Nxd5 Na5 19.Qb4 Bxe5 20.dxe5 Ne4 21.Ne7+ Kf7 22.Nxc8 Bxc8
23.Rfd1 {#r} 1-0

[Event "It (open)"]
[Site "Brno (Czech Republic)"]
[Date "2008.08.29"]
[Round "8"]
[White "Sipek Michal (CZE)"]
[Black "Lamser Tomas (CZE)"]
[Result "0-1"]
[WhiteElo "1998"]
[BlackElo "1931"]

1.Nf3 Nf6 2.g3 g6 3.Bg2 Bg7 4.c4 O-O 5.Nc3 c6 6.d4 d5 7.cxd5 cxd5 8.Ne5 Nbd7
9.O-O Nxe5 10.dxe5 Ng4 11.f4 Qb6+ 12.Kh1 Nf2+ 13.Rxf2 Qxf2 14.Nxd5 Bg4 15.Bf3
Bxf3+ 16.exf3 Rfd8 17.Be3 Qxb2 18.Bd4 Qa3 19.Nc7 Rac8 20.Nb5 Qa5 21.Qb3 b6
22.g4 Qd2 23.Rd1 Rc1 24.Rxc1 Qxc1+ 25.Bg1 Rd1 {#R} 0-1

[Event "It \"]
[Site "Abudhabi (United Arab Emirates)"]
[Date "2008.09.08"]
[Round "4"]
[White "Gurieli Nino (GEO)"]
[Black "Geldyeva Mekhri (TKM)"]
[Result "1-0"]
[WhiteElo "2325"]
[BlackElo "2254"]

1.Nf3 Nf6 2.g3 g6 3.Bg2 Bg7 4.c4 O-O 5.Nc3 c6 6.d4 d5 7.cxd5 cxd5 8.Ne5 e6
9.O-O b6 10.Bf4 Bb7 11.Rc1 Nh5 12.Nb5 Nxf4 13.gxf4 f6 14.Nc7 fxe5 15.Nxe6 Qe7
16.Nxf8 e4 17.f3 exf3 18.Rxf3 Nc6 19.Nxh7 Nxd4 20.Ng5 Nxe2+ 21.Kh1 Nxc1
22.Qxc1 Rc8 23.Qb1 Qf6 24.Rf1 Qf5 25.Qe1 Qd7 26.Bh3 d4+ 27.Kg1 Qc6 28.Be6+ Kf8
29.Nh7+ Ke7 30.Bxc8+ Kd8 31.Bxb7 Qxb7 32.Qe6 {#r} 1-0

[Event "It (open)"]
[Site "San Sebastian (Spain)"]
[Date "2008.09.20"]
[Round "1"]
[White "Paunovic Dragan (SRB)"]
[Black "Espin Laborde Jesus M (ESP)"]
[Result "1-0"]
[WhiteElo "2532"]
[BlackElo "1812"]

1.d4 Nf6 2.Nf3 g6 3.g3 Bg7 4.Bg2 d5 5.O-O O-O 6.c4 c6 7.cxd5 cxd5 8.Nc3 Nc6
9.Ne5 Nxe5 10.dxe5 Ng4 11.Nxd5 e6 12.Nf6+ Bxf6 13.exf6 Qxf6 14.Qb3 Qe7 15.Bd2
Ne5 16.Bb4 Qe8 17.Bxf8 Qxf8 18.Rfd1 Rb8 19.Rac1 b5 20.Qe3 {#r} 1-0

[Event "Cup Grunwald (for the Blind)"]
[Site "Dadaj (Poland)"]
[Date "2008.09.22"]
[Round "2"]
[White "Dukaczewski Piotr (POL)"]
[Black "Renkowski Piotr (POL)"]
[Result "1-0"]
[WhiteElo "2338"]
[BlackElo "1663"]

1.Nf3 d5 2.g3 Nf6 3.Bg2 g6 4.O-O Bg7 5.d4 O-O 6.c4 c6 7.cxd5 cxd5 8.Ne5 Ne4
9.Nc3 Nc6 10.Nxc6 bxc6 11.Nxe4 dxe4 12.Bxe4 Qxd4 13.Qxd4 Bxd4 14.Rd1 Bg7
15.Bxc6 Rb8 16.Rb1 Be6 17.b3 Rfc8 18.Bf4 Rb6 19.Be4 h5 20.Rbc1 Rxc1 21.Rxc1
Ra6 22.Rc2 Bf5 23.Bxf5 gxf5 24.Be3 Bf6 25.a4 h4 26.Kg2 hxg3 27.hxg3 Be5 28.Rc5
e6 29.Rb5 {#r} 1-0

[Event "Ch NRW"]
[Site "Herne (Germany)"]
[Date "2008.09.30"]
[Round "5"]
[White "Funke Reinhard (GER)"]
[Black "Vogel Christian (GER)"]
[Result "0-1"]
[WhiteElo "2213"]
[BlackElo "2189"]

1.d4 Nf6 2.Nf3 g6 3.g3 Bg7 4.c4 c6 5.Bg2 d5 6.cxd5 cxd5 7.O-O O-O 8.Ne5 e6
9.b3 Nfd7 10.Nf3 Nc6 11.Ba3 Re8 12.Nc3 Qa5 13.Bb2 b5 14.Rc1 Qb6 15.e4 Nb4
16.exd5 Nxd5 17.Nxd5 exd5 18.Re1 Bb7 19.Ne5 Nf6 20.Qf3 Re7 21.Re2 Rae8 22.Rec2
b4 23.Bf1 Ne4 24.Qd3 Bxe5 25.dxe5 Nc3 26.Bxc3 bxc3 27.Rxc3 Rxe5 28.Qb5 Qxb5
29.Bxb5 Re1+ {#R} 0-1

[Event "Ch Region (open)"]
[Site "Nizhnij Novgorod (Russia)"]
[Round "0"]
[White "Belov Igor (RUS)"]
[Black "Zakharov Aleksej (RUS)"]
[Result "0-1"]
[WhiteElo "2456"]
[BlackElo "2306"]

1.c4 Nf6 2.g3 c6 3.Bg2 d5 4.cxd5 cxd5 5.d4 Nc6 6.Nf3 g6 7.Nc3 Bg7 8.a3 Ne4
9.O-O O-O 10.e3 Nxc3 11.bxc3 Bf5 12.Nh4 Be6 13.Re1 Rc8 14.e4 dxe4 15.Bxe4 Bd5
16.Rb1 b6 17.Qf3 Bxe4 18.Qxe4 e6 19.Nf3 Na5 20.Bg5 Qd6 21.Qh4 Qd5 22.Nd2 f6
23.Ne4 fxg5 24.Nxg5 h6 25.Nxe6 Rf7 26.Nf4 Qf5 {#R} 0-1

[Event "Ch Russia (seniors)"]
[Site "Odintsovo (Russia)"]
[Date "2008.10.06"]
[Round "4"]
[White "Turov Vladimir (RUS)"]
[Black "Kurpyakov Vladimir (RUS)"]
[Result "0-1"]
[WhiteElo "2131"]
[BlackElo "1866"]

1.d4 d5 2.Nf3 Nf6 3.g3 g6 4.Bg2 c6 5.O-O Bg7 6.c4 O-O 7.cxd5 cxd5 8.Nc3 Nc6
9.Bf4 Nh5 10.Bg5 h6 11.Be3 Bg4 12.h3 Bxf3 13.exf3 e6 14.Qd2 Kh7 15.g4 Nf6
16.Rfd1 Ng8 17.f4 Qd7 18.Rac1 Rac8 19.Kh1 b6 20.Rg1 Na5 21.b3 Ne7 22.Bf1 Qb7
23.Bd3 a6 24.f3 Nac6 {#R} 0-1

[Event "Cup Torch Real Estate"]
[Site "Jiangsu Wuxi (China)"]
[Date "2008.10.29"]
[Round "11"]
[White "Ning Chunhong (CHN)"]
[Black "Wang Doudou (CHN)"]
[Result "1-0"]
[WhiteElo "2354"]
[BlackElo "2186"]

1.c4 Nf6 2.Nf3 g6 3.g3 Bg7 4.Bg2 c6 5.O-O O-O 6.Nc3 d5 7.cxd5 cxd5 8.d4 Ne4
9.Qb3 Nc6 10.Bf4 Nxc3 11.bxc3 Na5 12.Qb4 b6 13.Rfe1 Bb7 14.Nd2 Re8 15.Nb3 Nc4
16.Nc5 Bc8 17.Nd3 Be6 18.e4 Bf6 19.Ne5 Rc8 20.Rad1 g5 21.Bc1 {#r} 1-0

[Event "Tournament \"]
[Site "St. Petersburg (Russia)"]
[Date "2008.11.02"]
[Round "2"]
[White "Gavrikov Viktor (RUS)"]
[Black "Orlov Anatoly (RUS)"]
[Result "0-1"]
[WhiteElo "1659"]
[BlackElo "2037"]

1.Nf3 Nf6 2.c4 g6 3.g3 Bg7 4.Bg2 O-O 5.O-O c6 6.Nc3 d5 7.cxd5 cxd5 8.d4 Nc6
9.e3 b6 10.Ne5 Bb7 11.b3 Nxe5 12.dxe5 Ne4 13.Nxe4 dxe4 14.Qxd8 Rfxd8 15.Bb2
Rd2 16.Bd4 Rc8 17.Rfd1 Rdc2 18.Bh3 e6 19.Bf1 Bd5 20.Ba6 R8c7 21.Bb5 Bf8 22.Bf1
Be7 23.Re1 Bb4 24.Re2 Ba3 25.Rb1 Rxe2 26.Bxe2 Rc2 27.Bd1 Rxa2 28.Ra1 Rxa1
29.Bxa1 Bc5 30.Kf1 Kf8 31.Bc3 a5 32.Bc2 Ke7 33.Ke2 Kd7 {#R} 0-1

[Event "It (open)"]
[Site "Kaikoura (New Zealand)"]
[Date "2008.11.08"]
[Round "2"]
[White "Jackson L Ross (NZL)"]
[Black "Smith Robert W (NZL)"]
[Result "0-1"]
[WhiteElo "2004"]
[BlackElo "2316"]

1.d4 d5 2.c4 c6 3.Nc3 Nf6 4.cxd5 cxd5 5.Nf3 g6 6.g3 Bg7 7.Bg2 O-O 8.O-O Nc6
9.e3 Bg4 10.h3 Bxf3 11.Bxf3 Rc8 12.Bd2 e6 13.Rc1 Qd7 14.Bg2 Rfd8 15.f4 Ne8
16.Qe2 Nd6 17.b3 Nf5 18.Kh2 Nd6 19.Rfd1 f5 20.Be1 h5 21.g4 hxg4 22.hxg4 Kf7
23.Bh4 Rh8 24.Kg3 fxg4 25.Bg5 Nf5+ 26.Kxg4 Rh2 27.Rh1 Rxg2+ {#R} 0-1

[Event "Olympiad"]
[Site "Dresden (Germany)"]
[Date "2008.11.19"]
[Round "6"]
[White "Amanov Mesgen (TKM)"]
[Black "Zerafa Robert (MLT)"]
[Result "1-0"]
[WhiteElo "2357"]
[BlackElo "1991"]

1.d4 Nf6 2.Nf3 g6 3.c4 Bg7 4.g3 O-O 5.Bg2 c6 6.O-O d5 7.cxd5 cxd5 8.Nc3 Ne4
9.Nd2 Nxc3 10.bxc3 Nc6 11.e4 Be6 12.Qf3 dxe4 13.Nxe4 Bd5 14.Rd1 Qa5 15.Bd2
Rfd8 16.Qf4 Bxe4 17.Qxe4 Rac8 18.h4 e6 19.Bf3 b5 20.h5 b4 21.cxb4 Qa4 22.Be3
Nxb4 23.h6 Bh8 24.Bg5 Rd5 25.Qh4 Rc4 26.Bf6 Qa5 27.Bxh8 g5 28.Qh5 g4 29.Bxd5
{#r} 1-0

[Event "It \"]
[Site "Exmouth (England)"]
[Date "2008.11.21"]
[Round "5"]
[White "Jones Robert H"]
[Black "Gorodi John G"]
[Result "0-1"]
[WhiteElo "1568"]
[BlackElo "1696"]

1.Nf3 Nf6 2.g3 c5 3.Bg2 Nc6 4.O-O g6 5.c3 Bg7 6.d4 cxd4 7.cxd4 d5 8.Nc3 O-O
9.e3 e6 10.Bd2 Ne8 11.Ne1 Nd6 12.b3 b6 13.Nd3 Ba6 14.Qc2 Rc8 15.Rfe1 Ne4 16.a3
Qf6 17.f3 Nxd4 18.exd4 Qxd4+ 19.Re3 Nxc3 20.Kh1 Ne4 {#R} 0-1

[Event "NRW Klasse 2 2008/09"]
[Site "Germany"]
[Date "2008.11.30"]
[Round "4"]
[White "Guddat Joachim (GER)"]
[Black "Wellen Hendrik (GER)"]
[Result "1-0"]
[WhiteElo "2186"]
[BlackElo "2139"]

1.d4 d5 2.Nf3 Nf6 3.c4 c6 4.cxd5 cxd5 5.Nc3 Nc6 6.g3 g6 7.Bg2 Bg7 8.O-O O-O
9.Bf4 a6 10.Ne5 e6 11.Nxc6 bxc6 12.Rc1 Nd7 13.Na4 Bb7 14.Nc5 Nxc5 15.Rxc5 Re8
16.Qd2 Bf8 17.Rc2 Qb6 18.Rfc1 a5 19.Be5 Rec8 20.Qf4 Qd8 21.Bf6 Qd6 22.Qg5 a4
23.h4 Ra5 24.e4 h6 25.Qd2 Qb4 26.Qxb4 Bxb4 27.exd5 exd5 28.Bh3 Rf8 29.Bd7 Ba6
30.a3 Bd6 31.Rxc6 Bb8 32.Be7 Ba7 33.Bb4 {#r} 1-0

[Event "Ch Asia (juniors)"]
[Site "Chennai (India)"]
[Date "2008.12.13"]
[Round "8"]
[White "Jain Shreyansh Daklia (IND)"]
[Black "Kasthuri Arachchill Akkila Kavi (SRI)"]
[Result "1-0"]
[WhiteElo "2163"]
[BlackElo "1984"]

1.d4 Nf6 2.Nf3 g6 3.c4 Bg7 4.g3 O-O 5.Bg2 d5 6.O-O c6 7.cxd5 cxd5 8.Nc3 Nc6
9.Ne5 e6 10.Nxc6 bxc6 11.Na4 Nd7 12.Bf4 Ba6 13.Rc1 Rc8 14.Bd6 Re8 15.Nc5 Nxc5
16.Bxc5 Qc7 17.Rc3 Bf8 18.Qc2 Bxc5 19.Rxc5 e5 20.Bxd5 Qd6 21.dxe5 Rxe5 22.Rd1
Kf8 23.Rxc6 Rxc6 24.Bxc6 Qe7 25.e3 Rc5 26.Qa4 Bc8 {#r} 1-0

[Event "Czech League 2008/09 (krajsky prebor)"]
[Site "Czech Republic"]
[Date "2008.12.14"]
[Round "5"]
[White "Kracik Tomas (CZE)"]
[Black "Velecky Viktor (CZE)"]
[Result "1-0"]
[WhiteElo "2050"]
[BlackElo "2104"]

1.Nf3 Nf6 2.c4 g6 3.Nc3 Bg7 4.g3 c6 5.d4 d5 6.cxd5 cxd5 7.Bg2 O-O 8.O-O Nc6
9.Ne5 Ne4 10.Nxc6 Nxc3 11.Nxe7+ Qxe7 12.bxc3 Be6 13.Qb3 Qd7 14.Rb1 b6 15.Re1
Rac8 16.Bd2 f5 17.a4 Rb8 18.Bf4 Rb7 19.Qb5 Rc8 20.Rec1 Rc4 21.a5 Qf7 22.axb6
Rxb6 23.Qa5 Qb7 24.Rxb6 axb6 25.Qb5 Qc6 26.Qxc6 Rxc6 27.Rb1 h6 28.h4 h5 29.Bd2
Kf7 30.Rb5 Rd6 31.Bc1 Bf6 32.Ba3 Rd7 33.Rxb6 f4 34.Rxe6 {#r} 1-0

[Event "It (open)"]
[Site "Saratov (Russia)"]
[Date "2008.12.16"]
[Round "4"]
[White "Khromkin A (RUS)"]
[Black "Petukhov Dmitry (RUS)"]
[Result "0-1"]
[WhiteElo "2325"]
[BlackElo "2411"]

1.d4 Nf6 2.c4 g6 3.Nf3 Bg7 4.g3 c6 5.Bg2 d5 6.cxd5 cxd5 7.O-O O-O 8.Nc3 Ne4
9.Nxe4 dxe4 10.Ng5 Qxd4 11.Qxd4 Bxd4 12.Rd1 Nc6 13.Nxe4 Bg4 14.Be3 Bxe3
15.fxe3 Ne5 16.Rac1 Rac8 17.Kf2 Be6 18.h3 Bxa2 19.Rxc8 Rxc8 20.Ra1 Be6 21.Rxa7
Rc2 22.Rxb7 Nd3+ 23.Kg1 Rxe2 24.b4 Rxe3 25.b5 Re1+ 26.Kh2 Re2 27.Kg1 Rb2
28.Nc3 Rb3 29.Nd5 Nc5 30.Rb8+ Kg7 31.Kh2 Rb2 32.Nxe7 Kf6 33.Ng8+ Ke5 {#R} 0-1

[Event "It (open) (b)"]
[Site "Prague (Czech Republic)"]
[Date "2009.01.09"]
[Round "1"]
[White "Sisak Richard (CZE)"]
[Black "Maly Petr (CZE)"]
[Result "1-0"]
[WhiteElo "2060"]
[BlackElo "1675"]

1.d4 Nf6 2.Nf3 c5 3.c3 cxd4 4.cxd4 d5 5.Nc3 Nc6 6.g3 g6 7.Bg2 Bg7 8.O-O O-O
9.Ne5 e6 10.Nxc6 bxc6 11.Bf4 Bd7 12.Na4 Re8 13.Be5 Nh5 14.Bxg7 Nxg7 15.Rc1 e5
16.e3 exd4 17.Qxd4 Nf5 18.Qc3 Re7 19.Rfd1 Nd6 20.Nc5 Be8 21.e4 Nb5 22.Qd2 Qb6
23.Qg5 Rc7 24.exd5 cxd5 25.Bxd5 Rac8 26.Ne4 Rxc1 27.Rxc1 Rxc1+ 28.Qxc1 Qc7
29.Nf6+ Kf8 30.Bc4 h5 31.Qh6+ Ke7 32.Nd5+ {#r} 1-0

[Event "Tournament (open) \"]
[Site "Uljanovsk (Russia)"]
[Date "2009.01.10"]
[Round "13"]
[White "Lobanov Sergey (RUS)"]
[Black "Eremin Boris (RUS)"]
[Result "0-1"]
[WhiteElo "1821"]
[BlackElo "1763"]

1.c4 g6 2.Nc3 Bg7 3.g3 Nf6 4.Bg2 c6 5.d4 d5 6.cxd5 cxd5 7.Nf3 O-O 8.O-O Nc6
9.Bg5 Ne4 10.Be3 a6 11.Rc1 e6 12.Qc2 Nd6 13.b3 Bd7 14.Na4 b6 15.Qd2 Ne4 16.Qb2
Rc8 17.Ne5 Nxe5 18.dxe5 Bxa4 19.bxa4 Nc5 20.a5 Na4 21.Qd4 b5 22.Rxc8 Qxc8
23.Rc1 Qd8 24.Bd2 Qb8 25.f4 Rc8 26.e4 Rc4 27.Rxc4 dxc4 28.Bb4 Bf8 29.Bd6 Qc8
30.Bf1 c3 31.Bd3 {#R} 0-1

[Event "Czech League 2008/09 (krajsky prebor)"]
[Site "Czech Republic"]
[Date "2009.01.18"]
[Round "0"]
[White "Dvorak Libor (CZE)"]
[Black "Uricar Jakub (CZE)"]
[Result "0-1"]
[WhiteElo "2138"]
[BlackElo "2141"]

1.Nf3 g6 2.g3 Bg7 3.Bg2 Nf6 4.O-O O-O 5.c4 c6 6.Nc3 d5 7.cxd5 cxd5 8.d4 Nc6
9.Ne5 Bf5 10.Qa4 Qb6 11.Nxc6 bxc6 12.b3 Rfe8 13.Ba3 Nd7 14.Rfd1 e5 15.dxe5
Nxe5 16.Rac1 Ng4 17.e3 Nxe3 18.fxe3 Qxe3+ 19.Kh1 Bxc3 20.Qxc6 Bd2 21.Bxd5 Be4+
22.Bxe4 Bxc1 23.Bxc1 Qxe4+ 24.Qxe4 Rxe4 25.Bh6 {#R} 0-1

[Event "Ch North-West FO (seniors)"]
[Site "Kirishi (Russia)"]
[Date "2009.01.19"]
[Round "4"]
[White "Semenov Vladimir (RUS)"]
[Black "Semenov Evgeny D (RUS)"]
[Result "1-0"]
[WhiteElo "2038"]
[BlackElo "1807"]

1.d4 Nf6 2.Nf3 g6 3.c4 Bg7 4.g3 c6 5.Bg2 d5 6.O-O O-O 7.cxd5 cxd5 8.Nc3 Nc6
9.Bf4 Bf5 10.Qb3 b6 11.Rfd1 Na5 12.Qb4 Rc8 13.Ne5 Nc4 14.Rac1 e6 15.Nb5 Nxe5
16.dxe5 Rxc1 17.Bxc1 Nd7 18.e4 a5 19.Qd2 Nxe5 20.exf5 gxf5 21.b3 Qd7 22.a4 Rc8
23.Bb2 f6 24.h3 Nf7 25.f4 Nd8 26.Bd4 Rc6 27.Qe3 Qb7 28.Bxd5 {#r} 1-0

[Event "Ch Valencia (team) (1 league) North"]
[Site "Valencia (Spain)"]
[Date "2009.01.24"]
[Round "3"]
[White "Gimenez Menchon Cesar (ESP)"]
[Black "Gonzalvez Perales Jose Luis (ESP)"]
[Result "1-0"]
[WhiteElo "1978"]
[BlackElo "2046"]

1.Nf3 Nf6 2.c4 g6 3.g3 Bg7 4.Bg2 O-O 5.O-O c6 6.d4 d5 7.cxd5 cxd5 8.Nc3 Nc6
9.Ne5 Nxe5 10.dxe5 Ng4 11.Qxd5 Nxe5 12.Rd1 Qxd5 13.Nxd5 Nc6 14.Bg5 f6 15.Be3
e6 16.Nc7 Rb8 17.Bxc6 bxc6 18.Bc5 Rb7 19.Bxf8 Bxf8 20.Ne8 Rxb2 21.Rd8 Ba6
22.Rad1 Bxe2 23.R1d7 Rb1+ 24.Kg2 {#r} 1-0

[Event "Czech League 2008/09 (krajsky prebor)"]
[Site "Czech Republic"]
[Date "2009.02.01"]
[Round "7"]
[White "Varejcko Josef (CZE)"]
[Black "Hubka Lubos (CZE)"]
[Result "1-0"]
[WhiteElo "2218"]
[BlackElo "2029"]

1.d4 Nf6 2.g3 g6 3.Bg2 d5 4.Nf3 Bg7 5.O-O O-O 6.c4 c6 7.cxd5 cxd5 8.Nc3 Nc6
9.Ne5 e6 10.Nxc6 bxc6 11.Na4 Nd7 12.Bf4 e5 13.dxe5 Nxe5 14.Rc1 Bd7 15.Nc5 Qe7
16.Qa4 Rfc8 17.b3 Bg4 18.Bxe5 {#r} 1-0